000 00513nam a2200181Ia 4500
005 20250326123902.0
008 250326s9999 xx 000 0 und d
037 _aTextbook
040 _aFMSL
_beng
_cFMSL
041 _aeng
_2eng
084 _aS8:6 K4
_qFMSL
100 _aLehner G F J
_9736314
245 0 _aDynamics of personal adjustment
_cLehner G F J; Kube E
260 _aNew Jersey
_bNew Jersey, Prentice-Hall
_c1964
300 _a481p
942 _cTB
_hS8:6 K4
999 _c1271344
_d1271344